| 000 | 01395cam a22002531 4500 | ||
|---|---|---|---|
| 001 | gs 06000373 | ||
| 003 | DLC | ||
| 005 | 20260227111303.0 | ||
| 008 | 761213s1893 miu s001 0 eng c | ||
| 010 | _ags 06000373 | ||
| 035 | _a(OCoLC)2617603 | ||
| 040 |
_aU.S. Geol. Survey. Library _cMiMarqN _dOCoLC _dDLC |
||
| 042 | _apremarc | ||
| 050 | 0 | 0 |
_aQE125 _b.A122 |
| 110 | 1 |
_aMichigan. _bGeological Survey. |
|
| 245 | 1 | 0 |
_aReport of the State Board of Geological Survey for the years 1891 and 1892 _bto which are appended exhibits setting forth the expenses of the survey from its inception to November 22, 1892, exclusive of the cost of publication. Also the reports of Dr. Carl Rominger for the years 1881-2 and 1882-3; of Mr. Charles E. Wright for the years 1885-8; of Dr. M.E. Wadsworth for the years 1889, 1890, 1891, 1892, made to the State Board of Geological Survey for the years named: also a provisional report by Dr. M.E. Wadsworth, State Geologist, upon the geology of the iron, gold and copper districts of Michigan ... |
| 260 |
_aLansing, _bR. Smith & Co., State Printers, _c1893. |
||
| 300 |
_a1 p. l., 192 p., 2 l. _c23 cm. |
||
| 650 | 0 |
_aGeology _zMichigan. |
|
| 650 | 0 |
_aMines and mineral resources _zMichigan. |
|
| 700 | 1 |
_aRominger, Carl Ludwig, _d1820-1907. |
|
| 700 | 1 |
_aWright, Charles E., _d1843-1888. |
|
| 700 | 1 |
_aWadsworth, M. Edward _q(Marshman Edward), _d1847-1921. |
|
| 999 |
_c24418 _d24418 |
||